00336pab a2200133 454500008004000000100001800040245005800058260000900116300001000125362001500135650001300150700002200163773001700185180718b1988 xxu||||| |||| 00| 0 eng d aCheltey, B.S. aSkills of human resourcesbNeed for periodical review c1988 a163-9 aJul.-Sept. aManpower aK.N. Krishnaswamy aProductivity